000 00804nam a2200241 i 4500
001 169319
003 ES-MaACL
005 20250911062845.0
008 080901s2008 sp |||| | spa d
017 _aM-1.235-2008
020 _a978-84-7522-669-9
080 _a821.111(73)-14"19
100 1 _aWilliams, Saul.
_9138410
245 1 3 _aLos manuscritos de un emcee muerto
_b: las enseñanzas perdidad del hip-hop /
_cSaul Williams ; trad. de Silvia Barbero.
260 _aMadrid :
_bVisor Libros,
_c2008.
300 _a362 p. ;
_c20 cm.
490 1 _aColección Visor de poesía ;
_v669
546 _aTexto en español e inglés.
700 1 _aBarbero, Silvia.
_9138411
830 0 _aColección Visor de poesía
_v669
_9177331
852 4 _aES-MaACL
_jL-29671
_9R.143646
999 _c169319
_d169319